/ موازنہ انیس و دبیر (Record no. 109293)

MARC details
000 -LEADER
fixed length control field 00847nam a22002537a 4500
005 - DATE AND TIME OF LATEST TRANSACTION
control field 20170123162351.0
010 ## - LIBRARY OF CONGRESS CONTROL NUMBER
LC control number A-880708
020 ## - INTERNATIONAL STANDARD BOOK NUMBER
Terms of availability 36.00
035 ## - SYSTEM CONTROL NUMBER
System control number A-880708
037 ## - SOURCE OF ACQUISITION
Source of stock number/acquisition Cen Lib/Ret
040 ## - CATALOGING SOURCE
Original cataloging agency DPL
Language of cataloging UR
082 ## - DEWEY DECIMAL CLASSIFICATION NUMBER
Classification number 841.08
Item number ن ع م
100 ## - MAIN ENTRY--PERSONAL NAME
Personal name نعمانی، علامہ شبلی
9 (RLIN) 137206
245 ## - TITLE STATEMENT
Title / موازنہ انیس و دبیر
Statement of responsibility, etc علامہ شبلی نعمانی
246 ## - VARYING FORM OF TITLE
Title proper/short title Marazna Anees w Dabeer /
Remainder of title Allama Shabli Nuamani
260 ## - PUBLICATION, DISTRIBUTION, ETC. (IMPRINT)
Place of publication, distribution, etc نی دہلی
Name of publisher, distributor, etc ادارہ بزم خضرراہ
Date of publication, distribution, etc 1996
270 ## - ADDRESS
Address جامعہ نگر
City نی دہلی
300 ## - PHYSICAL DESCRIPTION
Extent 304p.
Dimensions 16cm(Hb)
650 ## - SUBJECT ADDED ENTRY--TOPICAL TERM
Topical term or geographic name as entry element اردو ادب
9 (RLIN) 137207
650 ## - SUBJECT ADDED ENTRY--TOPICAL TERM
Topical term or geographic name as entry element اردو ادب -- شاعری
9 (RLIN) 663
650 ## - SUBJECT ADDED ENTRY--TOPICAL TERM
Topical term or geographic name as entry element Urdu literature
9 (RLIN) 137208
650 ## - SUBJECT ADDED ENTRY--TOPICAL TERM
Topical term or geographic name as entry element Urdu literature - poetry
9 (RLIN) 449
942 ## - ADDED ENTRY ELEMENTS (KOHA)
Source of classification or shelving scheme Dewey Decimal Classification
Koha item type Urdu Bks
Classification part 841.08
Call number suffix ن ع م
Holdings
Withdrawn status Lost status Damaged status Not for loan Home library Current library Date acquired Source of acquisition Cost, normal purchase price Total Checkouts Full call number Barcode Date last seen Date checked out Copy number Cost, replacement price Price effective from Koha item type
        Central Library Central Library 03/03/2016 Cen Lib/Ref 36.00 1 841.08 ن ع م A-880708 21/02/2026 11/02/2026 1 36.00 03/03/2016 Urdu Bks

© Delhi Public Library
Hit Counter
free hit counter